[Event "Francophonie-ch 9th"]
[Site "Yamoussoukro"]
[Date "2023.07.11"]
[Round "8"]
[White "Abdellahi, Khaled Abdellahi"]
[Black "De Gondo, Simplice Armel"]
[Result "0-1"]
[WhiteElo "1937"]
[BlackElo "2035"]
[PlyCount "94"]
[EventDate "2023.07.02"]
[EventType "swiss"]
[EventRounds "9"]
[EventCountry "IVO"]
[SourceTitle "CBM 215 Extra"]
[Source "ChessBase"]
[SourceDate "2023.09.30"]
[SourceVersion "1"]
[SourceVersionDate "2023.09.30"]
[SourceQuality "1"]

1. d4 d5 2. Bf4 c5 3. e3 cxd4 4. exd4 Nc6 5. c3 Bf5 6. Nd2 e6 7. Qb3 Qd7 8. Ngf3 f6 9. Bb5 Nge7 10. 0-0 g5 11. Bg3 h5 12. h4 g4 13. Ne1 Bh6 14. Rd1 0-0 15. Nd3 Bxd3 16. Bxd3 f5 17. Qc2 f4 18. Bh2 Rf6 19. Rfe1 Kh8 20. b4 Rg8 21. b5 Nd8 22. Nf1 Nf7 23. c4 Nd6 24. c5 Ndf5 25. Bxf5 Nxf5 26. c6 bxc6 27. bxc6 Qc8 28. g3 f3 29. Rb1 Rg7 30. Rb4 Rff7 31. Reb1 Kh7 32. Qa4 a5 33. Qxa5 Qxc6 34. Qa4 Qxa4 35. Rxa4 Ra7 36. Rxa7 Rxa7 37. Rb2 Nxd4 38. Nd2 Bxd2 39. Rxd2 e5 40. Kf1 Kg6 41. Ke1 Kf5 42. Kd1 Ke4 43. Ke1 Ne2 44. Rb2 Nc3 45. Kd2 d4 46. Rc2 Rxa2 47. Kc1 Kd3 0-1

[Event "Francophonie-ch 9th"]
[Site "Yamoussoukro"]
[Date "2023.07.04"]
[Round "4"]
[White "Tchuenbou, Michael"]
[Black "De Gondo, Simplice Armel"]
[Result "0-1"]
[WhiteElo "1736"]
[BlackElo "2035"]
[PlyCount "88"]
[EventDate "2023.07.02"]
[EventType "swiss"]
[EventRounds "9"]
[EventCountry "IVO"]
[SourceTitle "CBM 215 Extra"]
[Source "ChessBase"]
[SourceDate "2023.09.30"]
[SourceVersion "1"]
[SourceVersionDate "2023.09.30"]
[SourceQuality "1"]

1. e4 c5 2. Nf3 d6 3. d4 cxd4 4. Nxd4 Nf6 5. Nc3 a6 6. Be2 e5 7. Nb3 Be6 8. Be3 Nbd7 9. Qd2 b5 10. a3 Be7 11. f3 0-0 12. 0-0 Qc7 13. Kh1 Nb6 14. Na5 Rfd8 15. Rac1 d5 16. Bxb6 Qxb6 17. Nxd5 Nxd5 18. exd5 Bxd5 19. Qe1 Rac8 20. Nb3 Bg5 21. Rb1 Rxc2 22. Na1 Rcc8 23. Bd3 Qh6 24. Nc2 Ba2 25. Rd1 Rxd3 26. Rxd3 Rxc2 27. Qxe5 g6 28. Rfd1 Rc8 29. f4 Bh4 30. g3 Bc4 31. R3d2 Rf8 32. gxh4 Qxh4 33. Qg5 Qh3 34. Rd8 Qf3+ 35. Kg1 Kg7 36. Qg3 Qe2 37. Qc3+ Kh6 38. Qh3+ Kg7 39. R8d2 Qe4 40. Rf2 Bd5 41. Kf1 Re8 42. Rfd2 Qxf4+ 43. Kg1 Re3 44. Qf1 Qg4+ 0-1

[Event "Freetown zt 4.2"]
[Site "Freetown"]
[Date "2020.03.16"]
[Round "3"]
[White "De Gondo, Simplice Armel"]
[Black "Adeshole Beckley, Brian"]
[Result "1-0"]
[WhiteElo "2132"]
[BlackElo "1576"]
[PlyCount "95"]
[EventDate "2020.03.15"]
[EventType "swiss"]
[EventRounds "9"]
[EventCountry "SIE"]
[SourceTitle "CBM 195 Extra"]
[Source "ChessBase"]
[SourceDate "2020.05.31"]
[SourceVersion "1"]
[SourceVersionDate "2020.05.31"]
[SourceQuality "1"]

1. e4 e6 2. d4 d5 3. Nc3 Nf6 4. Bg5 Be7 5. e5 Nfd7 6. h4 a6 7. Qg4 Bxg5 8. hxg5 Qe7 9. g6 fxg6 10. Rxh7 Rxh7 11. Qxg6+ Qf7 12. Qxh7 c5 13. Bd3 Nf8 14. Qh3 cxd4 15. Nxd5 Nc6 16. Nb6 Rb8 17. Nc4 Kd8 18. Qh4+ Qe7 19. Qxe7+ Kxe7 20. f4 b5 21. Nd6 Bb7 22. Be4 Na5 23. 0-0-0 Bxe4 24. Nxe4 Nc6 25. Nf3 Nd7 26. Nxd4 Nxd4 27. Rxd4 Rc8 28. Rd6 a5 29. b3 Nc5 30. Nxc5 Rxc5 31. Kd2 b4 32. Rd3 Rc8 33. c4 bxc3+ 34. Rxc3 Rd8+ 35. Rd3 Rf8 36. Ke3 g5 37. g3 gxf4+ 38. gxf4 Rh8 39. a3 Rh3+ 40. Kd4 Rh8 41. Kc5 Rb8 42. b4 axb4 43. axb4 Rc8+ 44. Kb5 Rc1 45. Rg3 Rf1 46. Rg4 Kd7 47. Kb6 Rc1 48. b5 1-0